F1 teammate stats - Statistics

General Stats
  • This quiz has been taken 15 times
  • The average score is 9 of 24
Answer Stats
Wins Podiums Pole positions Nationality Name % Correct
53 73 38 Sergio Perez
82%
0 0 0 China Guanyu Zhou
73%
0 1 0 Denmark Kevin Magnussen
64%
0 1 0 Japan Yuki Tsunoda
64%
48 162 57 Lewis Hamilton
55%
0 0 0 New Zealand Liam Lawson
55%
0 0 0 USA Logan Sargeant
55%
0 0 0 Argentina Franco Colapinto
45%
9 50 6 Max Verstappen
45%
50 83 43 Valtteri Bottas
45%
6 31 19 Carlos Sainz
36%
5 35 8 Charles Leclerc
36%
3 13 0 Lando Norris
36%
0 1 0 Great Britain Ollie Bearman
36%
2 20 2 George Russell
27%
0 0 0 Australia Jack Doohan
27%
1 11 0 Lance Stroll
27%
3 16 2 Alex Albon
18%
5 34 1 Daniel Ricciardo
18%
0 6 0 Esteban Ocon
18%
8 33 12 Fernando Alonso
18%
0 4 1 Nico Hülkenberg
18%
4 20 8 Oscar Piastri
18%
2 7 1 Pierre Gasly
18%
No matching quizzes found
Score Distribution
Percent of People with Each Score
Percentile by Number Answered
Your Score History
You have not taken this quiz